G20参加国 - Statistics

General Stats
  • This quiz has been taken 28 times
  • The average score is 19 of 20
Answer Stats
国名 % Correct
フランス
100%
アメリカ
100%
イギリス
100%
ドイツ
100%
日本
100%
カナダ
100%
ブラジル
100%
インド
100%
中国
100%
ロシア
96%
メキシコ
96%
イタリア
92%
オーストラリア
92%
サウジアラビア
88%
インドネシア
88%
韓国
88%
南アフリカ
84%
スペイン
84%
アルゼンチン
84%
トルコ
72%
No matching quizzes found
Score Distribution
Percent of People with Each Score
Percentile by Number Answered
Your Score History
You have not taken this quiz